00682nam a22002057a 4500003000500000005001700005008004100022010001000063011001000073035001000083040000900093082001900102100002400121245003600145260004700181300000900228505016700237650002700404650004500431CHAP20220329135917.0971013s1977 r 00010 d a43981 a44953 a49092 cCHAP a029.5bT3 197700aTaky, Jaquesecomp. aCanadian agricultural thesaurus a(s.l.) :bDepartment of Agriculture,c1977 a4 v. aContenido : v.1 Pte. 1 (Section general); v.1 Pte. 2 (sSection general); v.2 (Systematics plants and viruses); v.3 (Systematics animals); v.4 (Chemicals products)14aAgriculturaxTesauros.14aEncabezamientos de materiaxAgricultura.